Words in 'Lesotho' Quiz Stats

Quiz not verified by Sporcle

Challenge
Share
Tweet
Embed
Score 0/69 Timer 07:00
0 Plays Today
% Correct
HOLE
87.5%
SOOT
87.5%
HOOT
86.5%
LEST
83.3%
LOST
82.3%
SOLE
82.3%
LOOT
81.3%
LOSE
81.3%
SLOT
80.2%
SHOT
79.2%
TOOL
79.2%
HOLES
78.1%
HOOTS
78.1%
HOST
76%
SHOO
76%
LOOS
75%
HOTS
74%
LOOTS
74%
HOSE
71.9%
THOSE
71.9%
TOOLS
71.9%
SHOOT
70.8%
STOOL
69.8%
LOOSE
68.8%
HOLT
67.7%
SOOTH
67.7%
STOLE
67.7%
SHOE
65.6%
SLOTH
65.6%
LOTS
63.5%
HOES
62.5%
TOLE
60.4%
LOTH
59.4%
HOTEL
58.3%
LETS
57.3%
% Correct
SOLO
57.3%
SLOE
55.2%
SOOTHE
54.2%
HOTELS
53.1%
TOES
51%
TOLES
50%
HEST
49%
HOSTEL
45.8%
ETHOS
40.6%
HOLTS
40.6%
HOLS
38.5%
OLES
37.5%
SOTH
37.5%
HETS
36.5%
TOSH
31.3%
THOLE
31.3%
TELS
26%
THOLES
26%
ETHS
20.8%
OLEO
19.8%
HELOS
19.8%
SHOOL
19.8%
HELOT
18.8%
OOTS
16.7%
OLEOS
16.7%
OOHS
14.6%
HELOTS
13.5%
SHOTE
11.5%
HOSEL
7.3%
SHEOL
7.3%
TELOS
6.3%
LOTOS
5.2%
THOLOS
3.1%
SOTOL
2.1%

You're not logged in!

Compare scores with friends on all Sporcle quizzes.
Join for Free
OR
Log In

You Might Also Like...

Show Comments

Extras

Top Quizzes Today


Score Distribution

Your Account Isn't Verified!

In order to create a playlist on Sporcle, you need to verify the email address you used during registration. Go to your Sporcle Settings to finish the process.

Report this User

Report this user for behavior that violates our Community Guidelines.

Details: